Sélection de tuiles - Synonymes - Statistiques

Statistiques générales
  • Ce quiz a été pris 117 fois
  • Le résultat moyen est 50 sur 60
Statistiques - réponses
Question Tuile Select % Correct
Synonymes d'argent Nouille Non
99%
Synonymes d'argent Pognon Oui
99%
Synonymes d'argent Siflard Non
99%
Synonymes d'argent Thune Oui
99%
Synonymes d'argent Drouille Non
98%
Synonymes d'argent Gnole Non
98%
Synonymes de travail Baderne Non
97%
Synonymes de travail Faribole Non
97%
Synonymes de travail Torgnole Non
97%
Synonymes de mensonge Réserve Non
96%
Synonymes de travail Taf Oui
96%
Synonymes de manger Cabotiner Non
95%
Synonymes de travail Cagnard Non
95%
Synonymes de manger Clabauder Non
95%
Synonymes de manger Gamberger Non
95%
Synonymes de travail Job Oui
95%
Synonymes de travail Raille Non
95%
Synonymes de mensonge Rognure Non
95%
Synonymes de manger Rouméguer Non
95%
Synonymes de mourir Somnoler Non
95%
Synonymes de mensonge Bobard Oui
94%
Synonymes de manger Casser la croûte Oui
94%
Synonymes de mourir Clamser Oui
94%
Synonymes d'argent Moula Oui
94%
Synonymes de mourir Vagir Non
94%
Synonymes de mourir Caner Oui
93%
Synonymes de manger Grailler Oui
93%
Synonymes de travail Luron Non
93%
Synonymes de mourir Périr Oui
93%
Synonymes de manger Pinailler Non
91%
Synonymes de mourir S’éclipser Non
91%
Synonymes de mensonge Babiole Non
90%
Synonymes de travail Corvée Oui
90%
Synonymes de manger Ratiociner Non
90%
Synonymes d'argent Flouze Oui
89%
Synonymes d'argent Bien Non
88%
Synonymes de mourir Passer l'arme à gauche Oui
88%
Synonymes de manger Becqueter Oui
87%
Synonymes d'argent Gabelle Non
87%
Synonymes de travail Labeur Oui
87%
Synonymes de mourir Succomber Oui
87%
Synonymes de mensonge Allégorie Non
86%
Synonymes de mensonge Salade Oui
81%
Synonymes de mensonge Turlutte Non
81%
Synonymes de manger Se sustenter Oui
80%
Synonymes de mourir Clancher Non
78%
Synonymes de mourir Casser sa pipe Oui
75%
Synonymes de mensonge Carabistouille Oui
69%
Synonymes de mensonge Affabulation Oui
68%
Synonymes de travail Besogne Oui
67%
Synonymes d'argent Denier Oui
65%
Synonymes de mensonge Rumeur Non
59%
Synonymes de mensonge Fiction Non
57%
Synonymes d'argent Radis Oui
56%
Synonymes de mourir Dire bonjour à papi Non
51%
Synonymes de manger Faire ripaille Oui
50%
Synonymes de mensonge Fable Oui
49%
Synonymes de travail Turbin Oui
40%
Synonymes de mourir Calancher Oui
24%
Synonymes de manger Gobichonner Oui
7%
Aucun quiz correspondant
Distribution des résultats
% des personnes avec chaque résultat
Percentile par nombre de réponses
Votre historique - résultats
Vous n’avez pas pris ce quiz